[Event "MVP-ch Seniors op 13th"]
[Site "Binz"]
[Date "2013.12.02"]
[Round "6"]
[White "Horch, Helmut"]
[Black "Helbig, Christoph"]
[Result "1-0"]
[WhiteElo "1697"]
[BlackElo "1586"]
[PlyCount "111"]
[EventDate "2013.11.27"]
[EventType "swiss"]
[EventRounds "9"]
[EventCountry "GER"]
[SourceTitle "EXT 2015"]
[Source "ChessBase"]
[SourceDate "2014.11.20"]
[SourceVersion "1"]
[SourceVersionDate "2014.11.20"]
[SourceQuality "1"]

1. d4 Nf6 2. Nf3 g6 3. c4 a6 4. Nc3 d5 5. e3 dxc4 6. Bxc4 b5 7. Be2 Bb7 8. 0-0 c6 9. Qb3 Bg7 10. Ne5 0-0 11. f4 a5 12. Bf3 a4 13. Qc2 Nd5 14. Ne4 f6 15. Nd3 Nd7 16. Bd2 Qb6 17. Nec5 Nxc5 18. Nxc5 Bc8 19. b3 a3 20. b4 Qb8 21. Qb3 e6 22. Rac1 Kh8 23. Rc2 Qd6 24. Rfc1 f5 25. Bxd5 Qxd5 26. Qxd5 cxd5 27. Nb3 Bb7 28. Na5 Rxa5 29. bxa5 Ra8 30. Bb4 Ra6 31. Rc3 Bh6 32. Rxa3 Bg7 33. Bc5 Bf6 34. Bb6 Be7 35. Rb3 Kg8 36. a3 Kf7 37. Ra1 Ke8 38. a4 b4 39. Bc5 Bxc5 40. dxc5 Rxa5 41. Rxb4 Ba6 42. Rc1 Kd7 43. Kf2 Bc4 44. Ke1 Rxc5 45. Rb7+ Kc6 46. Ra7 Kd6 47. Kd2 Bb3 48. Rxc5 Kxc5 49. Kc3 Kb6 50. Rxh7 Bxa4 51. Rg7 e5 52. Rxg6+ Ka5 53. Rg5 d4+ 54. exd4 exd4+ 55. Kxd4 Bc2 56. h4 1-0

[Event "GER Cup GrD Seniors 1st"]
[Site "Bad Blankenburg"]
[Date "2011.08.24"]
[Round "7"]
[White "Maczollek, Helmut"]
[Black "Helbig, Christoph"]
[Result "0-1"]
[WhiteElo "1493"]
[BlackElo "1645"]
[PlyCount "104"]
[EventDate "2011.08.18"]
[EventType "swiss"]
[EventRounds "7"]
[EventCountry "GER"]
[SourceTitle "CBM 144 Extra"]
[Source "ChessBase"]
[SourceDate "2011.10.28"]
[SourceVersion "1"]
[SourceVersionDate "2011.10.28"]
[SourceQuality "1"]

1. d4 Nf6 2. Nf3 e6 3. e3 d5 4. Bd3 c5 5. b3 b6 6. Bb2 Ba6 7. 0-0 Bxd3 8. Qxd3 Nc6 9. a3 h6 10. Nbd2 Bd6 11. h3 0-0 12. Ne5 Qc7 13. f4 Nd7 14. Nxd7 Qxd7 15. Nf3 f6 16. c4 Rae8 17. Rae1 Qf7 18. Qe2 cxd4 19. Nxd4 Nxd4 20. Bxd4 Bxa3 21. Ra1 Bd6 22. e4 e5 23. fxe5 Bxe5 24. Bxe5 Rxe5 25. cxd5 Qxd5 26. Rxa7 Rxe4 27. Qc2 Qc5+ 28. Qxc5 bxc5 29. Rd1 Rf7 30. Ra5 Rb4 31. Rd5 Rxb3 32. Raxc5 Re7 33. Rd2 g5 34. Rc6 Kg7 35. Rdd6 Rb1+ 36. Kh2 Rf1 37. Rd3 Re2 38. Rcc3 Rff2 39. Rg3 h5 40. Rcf3 h4 41. Rxf2 Rxf2 42. Rg4 Kg6 43. Kg1 Rf4 44. Kh2 Rxg4 45. hxg4 f5 46. gxf5+ Kxf5 47. g3 Kg4 48. gxh4 Kxh4 49. Kg2 Kg4 50. Kh2 Kf3 51. Kg1 g4 52. Kf1 g3 0-1

[Event "GER Cup GrD Seniors 1st"]
[Site "Bad Blankenburg"]
[Date "2011.08.20"]
[Round "3"]
[White "Daebel, Hasso"]
[Black "Helbig, Christoph"]
[Result "0-1"]
[WhiteElo "1520"]
[BlackElo "1645"]
[PlyCount "102"]
[EventDate "2011.08.18"]
[EventType "swiss"]
[EventRounds "7"]
[EventCountry "GER"]
[SourceTitle "CBM 144 Extra"]
[Source "ChessBase"]
[SourceDate "2011.10.28"]
[SourceVersion "1"]
[SourceVersionDate "2011.10.28"]
[SourceQuality "1"]

1. d4 Nf6 2. Nf3 e6 3. h3 b6 4. Bf4 Bb7 5. e3 Be7 6. Nbd2 d5 7. Be2 Nbd7 8. g4 c5 9. c3 cxd4 10. cxd4 Nb8 11. Rc1 Nc6 12. Bb5 0-0 13. Bxc6 Bxc6 14. Rxc6 Nd7 15. a3 h6 16. Ne5 Nxe5 17. Bxe5 f6 18. Bg3 e5 19. dxe5 fxe5 20. Bxe5 d4 21. exd4 Qd5 22. Rg6 Qxh1+ 23. Ke2 Qxd1+ 24. Kxd1 Bf6 25. Bxf6 Rxf6 26. Rxf6 gxf6 27. Ke2 Rc8 28. Kd3 Rc1 29. h4 Rg1 30. f3 Kf7 31. d5 b5 32. b3 Ra1 33. Kc3 Rxa3 34. Kb4 Ra2 35. Ne4 a6 36. g5 fxg5 37. hxg5 hxg5 38. Nxg5+ Ke7 39. Ne4 Rb2 40. d6+ Kd7 41. Ka5 Ra2+ 42. Kb4 Kc6 43. Kc3 a5 44. Kd3 Ra3 45. Kd4 Rxb3 46. d7 Rb4+ 47. Ke5 Kxd7 48. Nf6+ Kc6 49. Nd5 Rc4 50. Ne3 Rc5+ 51. Kd4 b4 0-1

[Event "Sachsen-ch Seniors op 17th"]
[Site "Dresden"]
[Date "2009.02.17"]
[Round "9"]
[White "Helbig, Christoph"]
[Black "Sonntag, Wolfgang"]
[Result "1-0"]
[WhiteElo "1568"]
[BlackElo "1492"]
[PlyCount "66"]
[EventDate "2009.02.09"]
[EventType "swiss"]
[EventRounds "9"]
[EventCountry "GER"]
[SourceTitle "EXT 2022"]
[Source "ChessBase"]
[SourceDate "2021.10.06"]
[SourceVersion "1"]
[SourceVersionDate "2021.10.06"]
[SourceQuality "1"]

1. Nf3 Nf6 2. c4 g6 3. b3 Bg7 4. Bb2 0-0 5. Nc3 d6 6. g3 c6 7. Bg2 Bf5 8. Nh4 Bd7 9. f4 Na6 10. Rb1 Ne8 11. 0-0 Rb8 12. e4 f5 13. exf5 Bxf5 14. Nxf5 Rxf5 15. Bh3 Rf8 16. f5 Bd4+ 17. Kh1 Nac7 18. Qg4 Bg7 19. fxg6 h6 20. Rxf8+ Bxf8 21. Qf4 Nf6 22. Ne4 Bg7 23. Rf1 e5 24. Nxf6+ Kh8 25. Qf5 Bxf6 26. Qxf6+ Qxf6 27. Rxf6 Rd8 28. Rf7 Ne8 29. Rh7+ Kg8 30. Be6+ Kf8 31. Bf7 Ng7 32. Rxh6 Rd7 33. g4 Re7 1-0

[Event "Sachsen-ch Seniors op 17th"]
[Site "Dresden"]
[Date "2009.02.10"]
[Round "2"]
[White "Thuma, Horst"]
[Black "Helbig, Christoph"]
[Result "1-0"]
[WhiteElo "1717"]
[BlackElo "1568"]
[PlyCount "30"]
[EventDate "2009.02.09"]
[EventType "swiss"]
[EventRounds "9"]
[EventCountry "GER"]
[SourceTitle "EXT 2022"]
[Source "ChessBase"]
[SourceDate "2021.10.06"]
[SourceVersion "1"]
[SourceVersionDate "2021.10.06"]
[SourceQuality "1"]

1. e4 Nf6 2. e5 Ne4 3. d4 f6 4. exf6 Nxf6 5. Nf3 d5 6. Bd3 Bg4 7. 0-0 Nc6 8. c3 Qd6 9. h3 Bh5 10. Re1 0-0-0 11. Bg5 e5 12. dxe5 Nxe5 13. Be2 Re8 14. Nd4 Bf7 15. Nd2 c6 1-0

[Event "Muehlhaeusen op"]
[Site "Muehlhausen"]
[Date "2007.05.19"]
[Round "6.3"]
[White "Helbig, Christoph"]
[Black "Preusse, Goetz"]
[Result "1-0"]
[WhiteElo "1589"]
[BlackElo "1345"]
[PlyCount "37"]
[EventDate "2007.05.16"]
[EventType "swiss"]
[EventRounds "7"]
[EventCountry "GER"]
[SourceTitle "CBM 118 Extra"]
[Source "ChessBase"]
[SourceDate "2007.07.04"]
[SourceVersion "1"]
[SourceVersionDate "2007.07.04"]
[SourceQuality "1"]

1. c4 Nf6 2. Nf3 d5 3. b3 c6 4. Bb2 e6 5. g3 Be7 6. Bg2 Nbd7 7. Na3 0-0 8. 0-0 Qa5 9. Nc2 Qc7 10. d4 a5 11. a3 Qb6 12. Ne3 dxc4 13. Nxc4 Qc7 14. Qc2 b5 15. Nce5 Bb7 16. Rac1 Rfc8 17. Ng5 Nxe5 18. dxe5 Nd5 19. Qxh7+ 1-0

[Event "Muehlhaeusen op"]
[Site "Muehlhausen"]
[Date "2007.05.17"]
[Round "2.27"]
[White "Helbig, Christoph"]
[Black "Schaefer, Julia"]
[Result "1-0"]
[WhiteElo "1589"]
[BlackElo "1050"]
[PlyCount "77"]
[EventDate "2007.05.16"]
[EventType "swiss"]
[EventRounds "7"]
[EventCountry "GER"]
[SourceTitle "CBM 118 Extra"]
[Source "ChessBase"]
[SourceDate "2007.07.04"]
[SourceVersion "1"]
[SourceVersionDate "2007.07.04"]
[SourceQuality "1"]

1. Nf3 d6 2. c4 g6 3. Nc3 Bg7 4. d4 Nf6 5. e4 Bg4 6. Be2 Nbd7 7. h3 Bxf3 8. Bxf3 0-0 9. 0-0 Rb8 10. Be3 b6 11. Qd2 c5 12. d5 Ne5 13. Be2 Qc7 14. f4 Ned7 15. Qc2 Bh6 16. g4 Ne8 17. g5 Bg7 18. h4 h5 19. gxh6 Bxh6 20. h5 Ndf6 21. Nb5 Qd7 22. hxg6 fxg6 23. e5 Qf5 24. Qxf5 gxf5 25. exf6 Nxf6 26. Nxa7 Kh7 27. Nc6 Rb7 28. Bd3 Rg8+ 29. Kf2 Ng4+ 30. Ke2 Nxe3 31. Kxe3 Rg3+ 32. Rf3 Rxf3+ 33. Kxf3 Kg6 34. Rg1+ Kf6 35. Rh1 Bg7 36. Rh5 e6 37. Nd8 Ke7 38. Nxb7 Bxb2 39. Rh7+ 1-0

[Event "Hoeckendorf op"]
[Site "Hoeckendorf"]
[Date "2004.02.04"]
[Round "6"]
[White "Helbig, Christoph"]
[Black "Causevic, Ismet"]
[Result "1-0"]
[WhiteElo "1878"]
[BlackElo "1968"]
[PlyCount "67"]
[EventDate "2004.01.30"]
[EventType "swiss"]
[EventRounds "9"]
[EventCountry "GER"]
[SourceTitle "EXT 2008"]
[Source "ChessBase"]
[SourceDate "2007.11.25"]
[SourceVersion "1"]
[SourceVersionDate "2007.11.25"]
[SourceQuality "1"]

1. e4 c5 2. d4 cxd4 3. c3 dxc3 4. Nxc3 e6 5. Nf3 a6 6. Bc4 Qc7 7. Bb3 d6 8. 0-0 Nf6 9. Qe2 Nbd7 10. Rd1 b5 11. Be3 Bb7 12. Rac1 Qd8 13. Bc2 Be7 14. Bf4 e5 15. Bg5 h6 16. Bxf6 Nxf6 17. Nxe5 Qb6 18. Ng4 0-0 19. Bb3 Rad8 20. Nxf6+ Bxf6 21. Nd5 Bxd5 22. Bxd5 Rc8 23. Qg4 Rxc1 24. Rxc1 Bxb2 25. Rc6 Qa5 26. Qd1 Be5 27. g3 Qa3 28. f4 Qe3+ 29. Kg2 Bd4 30. Rxd6 Qf2+ 31. Kh3 Be3 32. Qg4 g5 33. e5 Kh7 34. Qf5+ 1-0